000 00758nam a2200229Ia 4500
001 4037
003 GE_BSU
008 181216s||||||||xx |||||||||||||| ||und||
020 _a9992828218
040 _cGE_BSU
080 _a81'374.822(038)
245 _aრუსულ-ქართულ ლექსიკონი.Русско-Грузинский словарь
245 _cშემდგ.მ.ბ.კანკავა.რედ.ა.დავითიანი
250 _aმეორე გამოცემა
260 _aთბილისი
260 _bსაქართველოს მაცნე
300 _a578გვ.
300 _c17 სმ.
541 _h8ლ.
653 _aლექსიკონი
942 _cBK
999 _c38051
_d38051